00590nam a2200145Ia 4500008004100000024005300041082002000094100006800114245005500182260002500237600002200262650003300284952011000317999001700427250506s9999 xx 000 0 und d a15B-29-EL, 15B-30-EL, 15B-71-EL & 15B-145-EL a621.3815072 AHS aM. Ahsan Rashid, S. Faqahat Abbas, M. Asad Siddiqui & Samiullah 0aSynchronization of Generatiors For Load Management aKarachi:bUIT,c2015 aPower Engineering aBachelor of Engineering (BE) 001040708PR-PEaUITUbUITUd2022-07-26l0o621.3815072 AHSpPE-13r2025-05-06 11:34:29w2025-05-06yPR c28537d28537